Stringer (VO) v J Sainsbury PLC and others (Record no. 34301)
[ view plain ]
| 000 -LEADER | |
|---|---|
| fixed length control field | 01572cab a2200229 4500 |
| 001 - CONTROL NUMBER | |
| control field | ABS45996 |
| 008 - FIXED-LENGTH DATA ELEMENTS--GENERAL INFORMATION | |
| fixed length control field | 090401t1992 xxu||||| |||| 00| 0 eng d |
| 035 ## - SYSTEM CONTROL NUMBER | |
| System control number | (Sirsi) u56249 |
| 041 ## - LANGUAGE CODE | |
| Language code of text/sound track or separate title | eng |
| 245 ## - TITLE STATEMENT | |
| Title | Stringer (VO) v J Sainsbury PLC and others |
| 260 ## - PUBLICATION, DISTRIBUTION, ETC. | |
| Date of publication, distribution, etc. | 1992 |
| 350 ## - PRICE (NR) (BK AM CF MU VM SE) [OBSOLETE] | |
| Price | 0 |
| 490 ## - SERIES STATEMENT | |
| Series statement | Rating Appeals |
| Volume/sequential designation | 1992 RA 17-33(9) |
| 520 ## - SUMMARY, ETC. | |
| Summary, etc. | LT 29 November 1991. A room containing six automated teller machines (ATMs) for dispensing bank notes was assessed, pursuant to a decision of an lvc, as part of a hereditament comprising supermarket and premises. VO appealed to LT and contended that the ATMs should be six separate hereditaments distinct from the supermarket. The ATMs comprised a secure room and an security lobby adjacent to the lobby of the supermarket, built as an integral part of it. Separate financial institutions supplied and installed the ATMs and computer links but they were operated and maintained by supermarket staff. The supermarket also arranged for the weekly cash delivery and ordered future cash supplies. The appeals were dismissed and the rateable value confirmed because the secure room and security lobby were in the rateable occupation of the supermarket and no other party, it was a complimentary joint venture, day to day management was carried out by the supermarket, the ATMs were not operated separate |
| 650 ## - SUBJECT ADDED ENTRY--TOPICAL TERM | |
| Topical term or geographic name entry element | AUTOMATED TELLER MACHINES |
| 650 ## - SUBJECT ADDED ENTRY--TOPICAL TERM | |
| Topical term or geographic name entry element | CASH MACHINES |
| 650 ## - SUBJECT ADDED ENTRY--TOPICAL TERM | |
| Topical term or geographic name entry element | RATEABLE OCCUPATION |
| 650 ## - SUBJECT ADDED ENTRY--TOPICAL TERM | |
| Topical term or geographic name entry element | RATING APPEALS |
| 690 ## - LOCAL SUBJECT ADDED ENTRY--TOPICAL TERM (OCLC, RLIN) | |
| Topical term or geographic name as entry element | RATING AND VALUATION-CASE LAW |
| 942 ## - ADDED ENTRY ELEMENTS (KOHA) | |
| Suppress in OPAC | 0 |
| 948 ## - LOCAL PROCESSING INFORMATION (OCLC); SERIES PART DESIGNATOR (RLIN) | |
| c (OCLC) | 04/03/1997 |
| Withdrawn status | Lost status | Source of classification or shelving scheme | Damaged status | Not for loan | Home library | Current library | Shelving location | Date acquired | Total Checkouts | Full call number | Barcode | Date last seen | Copy number | Price effective from | Koha item type |
|---|---|---|---|---|---|---|---|---|---|---|---|---|---|---|---|
| Dewey Decimal Classification | London | London | Journal article | 14/09/1999 | ABS45996 | 56249-1001 | 06/08/2019 | 1 | 06/08/2019 | Law report |